000 00442nam a22001817a 4500
003 MPLRDC
005 20220104113700.0
008 210129b ||||| |||| 00| 0 eng d
082 _a857.621 NK-15 v.41
100 _a倪匡
245 _a活俑
_c
250 _a四版
260 _a
_b远景出版事业公司
_c1987
300 _b
490 _a倪匡科幻小说全集. 41
650 _a科幻小说
942 _cBK
_o857.621 NK-15 v.41
999 _c1531
_d1521